000
00316nam a2200133Ia 4500
005
20251222155118.0
008
251222s9999||||xx |||||||||||||| ||spa||
082
_a
MEQ. 75.7
100
_a
GONZALES, M.A.
245
0
_a
Fundamentos de Medicina 7ma. Edición
250
_a
5ta. ed.
264
_b
CIB
942
_c
LIB
999
_c
38307
_d
38307